A guide to 1 Corinthians / (Record no. 119108)
[ view plain ]
| 000 -LEADER | |
|---|---|
| fixed length control field | 01016cam a2200313ua 4500 |
| 001 - CONTROL NUMBER | |
| control field | 4438599 |
| 003 - CONTROL NUMBER IDENTIFIER | |
| control field | ARRUPE |
| 005 - DATE AND TIME OF LATEST TRANSACTION | |
| control field | 20131205141344.0 |
| 008 - FIXED-LENGTH DATA ELEMENTS--GENERAL INFORMATION | |
| fixed length control field | 800130s1978 enkac b 001 0 eng d |
| 035 ## - SYSTEM CONTROL NUMBER | |
| System control number | (OCoLC)5925239 |
| 035 ## - SYSTEM CONTROL NUMBER | |
| System control number | (OCoLC)ocm05925239 |
| 035 ## - SYSTEM CONTROL NUMBER | |
| System control number | (NNC)4438599 |
| 040 ## - CATALOGING SOURCE | |
| Original cataloging agency | MH-AH |
| Transcribing agency | MH-AH |
| Modifying agency | m.c. |
| -- | NNUT |
| -- | CStRLIN |
| 050 ## - LIBRARY OF CONGRESS CALL NUMBER | |
| Classification number | BS2675.3.H279 1978 |
| 090 ## - LOCALLY ASSIGNED LC-TYPE CALL NUMBER (OCLC); LOCAL CALL NUMBER (OCLC) | |
| Classification number (OCLC) (R) ; Classification number, CALL (RLIN) (NR) | BS2675.3 |
| Local cutter number (OCLC) ; Book number/undivided call number, CALL (RLIN) | .H37 1978 |
| 300 ## - PHYSICAL DESCRIPTION | |
| Other physical details | ill., ports. ; |
| Dimensions | 22 cm. |
| 100 1# - MAIN ENTRY--PERSONAL NAME | |
| Personal name | Hargreaves, John, |
| Dates associated with a name | 1911-2008. |
| 9 (RLIN) | 5224 |
| 245 12 - TITLE STATEMENT | |
| Title | A guide to 1 Corinthians / |
| Statement of responsibility, etc | John Hargreaves. |
| 260 ## - PUBLICATION, DISTRIBUTION, ETC. (IMPRINT) | |
| Place of publication, distribution, etc | London : |
| Name of publisher, distributor, etc | SPCK, |
| Date of publication, distribution, etc | 1978. |
| 300 ## - PHYSICAL DESCRIPTION | |
| Extent | ix, 243 p. : |
| 490 1# - SERIES STATEMENT | |
| Series statement | TEF study guides ; |
| Volume number/sequential designation | 17 |
| 500 ## - GENERAL NOTE | |
| General note | Includes index. |
| 504 ## - BIBLIOGRAPHY, ETC. NOTE | |
| Bibliography, etc | Bibliography: p. ix. |
| 630 00 - SUBJECT ADDED ENTRY--UNIFORM TITLE | |
| Uniform title | Bible. |
| Name of part/section of a work | Corinthians, 1st |
| Form subdivision | Commentaries. |
| 9 (RLIN) | 5225 |
| 630 00 - SUBJECT ADDED ENTRY--UNIFORM TITLE | |
| Uniform title | Bible. |
| Name of part/section of a work | Corinthians, 1st |
| Form subdivision | Outlines, syllabi, etc. |
| 9 (RLIN) | 5226 |
| 730 0# - ADDED ENTRY--UNIFORM TITLE | |
| Uniform title | Bible. |
| Name of part/section of a work | Corinthians, 1st. |
| Language of a work | English. |
| Version | Hargreaves. |
| Date of a work | 1978. |
| 9 (RLIN) | 5227 |
| 830 #0 - SERIES ADDED ENTRY--UNIFORM TITLE | |
| Uniform title | TEF study guide ; |
| Volume number/sequential designation | 17. |
| 9 (RLIN) | 5228 |
| 942 ## - ADDED ENTRY ELEMENTS (KOHA) | |
| Source of classification or shelving scheme | Library of Congress Classification |
| Koha item type | Monograph ( Printed materials) |
| Withdrawn status | Lost status | Source of classification or shelving scheme | Damaged status | Not for loan | Home library | Current library | Shelving location | Date acquired | Total Checkouts | Full call number | Barcode | Date last seen | Price effective from | Koha item type |
|---|---|---|---|---|---|---|---|---|---|---|---|---|---|---|
| Library of Congress Classification | ARRUPE LIBRARY | ARRUPE LIBRARY | Main Collection | 05/12/2013 | BS2675.3.H279 1978 | 464123338 | 01/08/2016 | 05/12/2013 | Monograph ( Printed materials) |